书目信息 |
| 题名: |
毛泽东与陈毅
|
|
| 作者: | 袁德金 著 | |
| 分册: | ||
| 出版信息: | 北京 中国青年出版社 2008 |
|
| 页数: | 334页 | |
| 开本: | 24cm | |
| 丛书名: | 毛泽东与政要交往书系 | |
| 单 册: | ||
| 中图分类: | K825.2=73 , A752 | |
| 科图分类: | ||
| 主题词: | 毛泽东--生平事迹 , 毛泽东--传记 | |
| 电子资源: | ||
| ISBN: | 978-7-5006-8062-8 | |
| 000 | 01181oam2 2200325 450 | |
| 001 | 1262558734 | |
| 005 | 20090929100146.85 | |
| 010 | @a978-7-5006-8062-8@dCNY26.00 | |
| 100 | @a20080418d2008 em y0chiy50 ea | |
| 101 | 0 | @achi |
| 102 | @aCN@b110000 | |
| 105 | @aa z 000yd | |
| 106 | @ar | |
| 200 | 1 | @a毛泽东与陈毅@f袁德金著@Amao ze dong yu chen yi |
| 210 | @a北京@c中国青年出版社@d2008 | |
| 215 | @a334页@c照片@d24cm | |
| 225 | 2 | @a毛泽东与政要交往书系 |
| 330 | @a本书从交往的视角,表现了毛泽东和陈毅两位伟人的高尚政治情操、特殊的人格魅力和不同的性格特征。毛泽东是上层决策的核心领袖人物,担负着最高领导责任,是具有理论创造才能的战略家;陈毅是群众领袖但更是忠诚于党和人民的战士,他一直是一位出色的助手和号令一方的指挥员,是杰出的实践家。 | |
| 461 | 0 | @1001003743191 |
| 600 | 0 | @a毛泽东@f(1893-1976) |
| 600 | 0 | @a毛泽东@f(1893-1976)@x生平事迹 |
| 600 | 0 | @a陈毅@f(1901-1972)@x生平事迹 |
| 600 | 0 | @a陈毅@f(1901-1972) |
| 606 | 0 | @a毛泽东@x生平事迹 |
| 606 | 0 | @a毛泽东@x传记 |
| 690 | @aK825.2=73@v4 | |
| 690 | @aA752@v4 | |
| 701 | 0 | @a袁德金@f(1951~)@4著@Ayuan de jin |
| 801 | 0 | @aCN@b110120@c20080229 |
| 905 | @a10447@dA752@eJY62 | |
| 毛泽东与陈毅/袁德金著.-北京:中国青年出版社,2008 |
| 334页:照片;24cm .-(毛泽东与政要交往书系 ) |
| ISBN 978-7-5006-8062-8:CNY26.00 |
| 本书从交往的视角,表现了毛泽东和陈毅两位伟人的高尚政治情操、特殊的人格魅力和不同的性格特征。毛泽东是上层决策的核心领袖人物,担负着最高领导责任,是具有理论创造才能的战略家;陈毅是群众领袖但更是忠诚于党和人民的战士,他一直是一位出色的助手和号令一方的指挥员,是杰出的实践家。 |
| ● |
| 相关链接 |
|
|
|
|
正题名:毛泽东与陈毅
索取号:A752/JY62
 
预约/预借
| 序号 | 登录号 | 条形码 | 馆藏地/架位号 | 状态 | 备注 |
| 1 | 7809405 | 278094054 | 学院路分馆/ [索取号:A752/JY62] | 在馆 | |
| 2 | 7809406 | 278094063 | 学院路分馆/ [索取号:A752/JY62] | 在馆 | |
| 3 | 7809407 | 278094072 | 学院路分馆/ [索取号:A752/JY62] | 在馆 |